000 00480nam a2200157 u 4500
005 20210219162003.0
008 140212s2006 r 000 0 eng d
035 _aUPN01000195724
049 _aAV
099 _aPOR ADQUIRIR
245 0 3 _aLa alfabetización un factor vital :
_binforme de seguimiento de la educación para todo el mundo 2006
260 _aParís, Francia. :
_bUNESCO,
_c2006.
300 _a1 CD-ROM ; 43/4 plg.
905 _aAudiovisuales
999 _c167825
_d167825